Kitüntetések. [Röv. hír.]

Elmentve itt :
Bibliográfiai részletek
Dokumentumtípus: Cikk
Megjelent: 1989-12-16
Sorozat:Délmagyarország 79 No. 298
Kulcsszavak:Kitüntetések
Online Access:http://dmarchiv.bibl.u-szeged.hu/81408
LEADER 00400nab a2200145 i 4500
001 delm81408
005 20190920105428.0
008 190920s1989 hu o 0|| hun d
040 |a SZTE Délmagyarország Archívum  |b hun 
041 |a hun 
245 0 0 |a Kitüntetések. [Röv. hír.]  |h [elektronikus dokumentum] 
260 |c 1989-12-16 
300 |a 12 
490 0 |a Délmagyarország  |v 79 No. 298 
695 |a Kitüntetések